100 największych miast w Stanach Zjednoczonych! - Statystyki

Ogólne statystyki
  • Ten quiz został rozwiązany 1 615 razy
  • Średni wynik to 38 z 100
Statystyki odpowiedzi
Nr Miasta Stany Ludność % Poprawnych
1 Nowy Jork / New York - 8,804,190
98%
2 Los Angeles Kalifornia 3,898,747
96%
3 Chicago Illinois 2,746,388
92%
20 Waszyngton / Washington Dyskryt Kolumbii 689,545
88%
44 Miami Floryda 442,241
85%
17 San Francisco Kalifornia 873,965
82%
4 Houston Teksas 2,304,580
81%
26 Las Vegas Nevada 641,903
80%
9 Dallas Teksas 1,304,379
79%
6 Philadelphia Pensylwania 1,603,797
78%
24 Boston Massachusetts 675,647
77%
5 Phoenix Arizona 1,608,139
75%
8 San Diego Kalifornia 1,386,932
72%
18 Seattle - 737,015
72%
19 Denver Kolorado 715,522
71%
27 Detroit Michigan 639,111
70%
7 San Antonio Teksas 1,434,625
68%
38 Atlanta Georgia 498,715
66%
11 Austin Teksas 961,855
63%
15 Indianapolis Indiana 887,642
63%
25 Portland Oregon 652,503
60%
35 Sacramento Kalifornia 524,943
59%
22 Oklahoma City Oklahoma 681,054
58%
67 Orlando Floryda 307,573
58%
10 San Jose Kalifornia 1,013,240
58%
36 Kansas City Missouri 508,090
54%
16 Charlotte Karolina Północna 874,579
53%
12 Jacksonville Floryda 949,611
53%
52 Tampa Floryda 384,959
50%
46 Minneapolis Minnesota 429,954
49%
54 Cleveland Ohio 372,624
48%
21 Nashville Tennessee 689,447
47%
14 Columbus Ohio 905,748
46%
55 Honolulu Hawaje 350,964
46%
28 Memphis Tennessee 633,104
46%
30 Baltimore Maryland 585,708
45%
31 Milwaukee Wisconsin 577,222
45%
13 Fort Worth Teksas 918,915
42%
69 St. Louis Missouri 301,578
41%
32 Albuquerque New Mexico 564,559
40%
23 El Paso Teksas 678,815
38%
65 Cincinnati Ohio 309,317
36%
68 Pittsburgh Pensylwania 302,971
36%
72 Anchorage Alaska 291,247
35%
53 New Orleans Luizjana 383,997
35%
100 Richmond Wirginia 226,610
34%
29 Louisville Kentucky 633,045
32%
33 Tucson Arizona 542,629
31%
40 Colorado Springs Kolorado 478,961
30%
76 Buffalo - 278,349
29%
45 Oakland Kalifornia 440,646
29%
39 Omaha Nebraska 486,051
29%
62 Newark New Jersey 311,549
26%
47 Tulsa Oklahoma 413,066
26%
34 Fresno Kalifornia 542,107
25%
42 Long Beach Kalifornia 466,742
25%
99 Baton Rouge Luzjana 227,470
24%
95 Boise Idaho 235,684
24%
73 Lincoln Nebraska 291,082
24%
82 Reno Nevada 264,165
24%
71 Jersey City New Jersey 292,449
23%
41 Raleigh Karolina Północna 467,665
23%
85 St. Petersburg / Petersburg Floryda 258,308
23%
49 Wichita Kansas 397,532
23%
63 Saint Paul Minnesota 311,527
22%
43 Virginia Beach Wirginia 459,470
22%
37 Mesa Arizona 504,258
20%
79 Toledo Ohio 270,871
20%
50 Arlington Teksas 394,266
19%
64 Santa Ana Kalifornia 310,227
19%
56 Anaheim Kalifornia 346,824
18%
48 Bakersfield Kalifornia 403,455
18%
94 Norfolk Wirginia 238,005
18%
98 Santa Clarita Kalifornia 228,673
18%
59 Corpus Christi Teksas 317,863
16%
75 Durham Karolina Północna 283,506
16%
80 Madison Wisconsin 269,840
16%
97 Spokane - 228,989
16%
51 Aurora Kolorado 386,261
15%
83 Fort Wayne Indiana 263,886
15%
70 Greensboro Karolina Północna 299,035
15%
84 North Las Vegas Nevada 262,527
15%
57 Lexington Kentucky 322,570
14%
87 Irving Teksas 256,684
13%
88 Laredo Teksas 255,205
13%
78 Chula Vista Kalifornia 275,487
12%
66 Irvine Kalifornia 307,670
12%
74 Plano Teksas 285,494
12%
61 Riverside Kalifornia 314,998
12%
90 Chesapeake Wirginia 249,422
11%
81 Gilbert Arizona 267,918
11%
60 Henderson Nevada 317,610
11%
89 Winston–Salem Karolina Północna 249,545
11%
77 Chandler Arizona 275,987
10%
86 Lubbock Teksas 257,141
10%
58 Stockton Kalifornia 320,804
10%
96 Fremont Kalifornia 230,504
9%
91 Glendale Arizona 248,325
9%
93 Scottsdale Arizona 241,361
9%
92 Garland Teksas 246,018
7%
Nie znaleziono quizów pasujących do podanych kryteriów
Rozkład punktacji
Procent ludzi z każdym wynikiem
Percentyl według liczby udzielonych odpowiedzi
Twoja historia wyników
Nie rozwiązałeś tego quizu